ბათუმის შოთა რუსთაველის სახელმწიფო უნივერსიტეტის ბიბლიოთეკა

ჰეროდოტეს ცნობები საქართველოს შესახებ = Сведения Геродота о Грузии (ბიბ.ჩანაწერი № 56543)

000 -ლიდერი
ფიქსირებული სიგრძის საკონტროლო ველი 01877nam a2200277Ia 4500
001 - საკონტროლო ნომერი
საკონტროლო ველი 23657
003 - საკონტროლო ნომრის იდენტიფიკატორი
საკონტროლო ველი GE_BSU
005 - ბოლო ოპერაციის თარიღი და დრო
საკონტროლო ველი 20260302145713.0
008 - ფიქსირებული სიგრძის მონაცემთა ელემენტები - ზოგადი ინფორმაცია
ფიქსირებული სიგრძის საკონტროლო ველი 181216s1960||||ge |||||||||||||| ||geo||
040 ## - კატალოგიზაციის წყარო
Transcribing agency GE_BSU
041 ## - ენის კოდი
Language code of text/sound track or separate title geo
080 ## - უნივერსალური ათობითი კლასიფიკაციის ინდექსი
Universal Decimal Classification number 94(479.22)(093უცხ.) ყ-36
100 ## - მთავარი ჩანაწერი - პიროვნების სახელი
Personal name ყაუხჩიშვილი, თ.
9 (RLIN) 17649
245 ## - ცნობა სათაურის შესახებ
Title ჰეროდოტეს ცნობები საქართველოს შესახებ = Сведения Геродота о Грузии
Statement of responsibility, etc თ. ყაუხჩიშვილი ; ბერძნ.-რომაული წყაროების სერიის რედ. ს. ყაუხჩიშვილი ; საქ. სსრ მეცნ. აკად., ივანე ჯავახიშვილის სახ. ისტორიის ინ-ტი.
264 ## - წარმოების, გამოცემის, დისტრიბუციის და სხვა ცნობები
გამოცემის, წარმოების, დისტრიბუციის... ადგილი თბილისი :
გამოცემის, წარმოების, დისტრიბუციის... სახელწოდება საქ. სსრ მეცნ. აკად. გამ-ბა,
გამოცემის, წარმოების, დისტრიბუციის... თარიღი 1960.
300 ## - ფიზიკური აღწერა
Extent 153 გვ. ;
Dimensions 23 სმ..
490 ## - სერიის ცნობა
Series statement უცხოური წყაროები საქართველოს შესახებ
Volume number/sequential designation წ. 1
500 ## - ზოგადი შენიშვნა
General note ტექსტი ქართ. და ბერძნ. ენ.. დამატ. თავფურც. რუს. ენ.
504 ## - BIBLIOGRAPHY, ETC. NOTE
Bibliography, etc ბიბლიოგრ. შენიშვნებში
520 ## - SUMMARY, ETC.
Summary, etc ტექსტი ქართ. და ბერძნ. ენ.. დამატ. თავფურც. რუს. ენ.
653 ## - INDEX TERM--UNCONTROLLED
Uncontrolled term საქართველოს ისტორიის ბერძნული წყაროები
653 ## - INDEX TERM--UNCONTROLLED
Uncontrolled term ჰეროდოტეს ცნობები საქართველოს შესახებ
700 ## - ADDED ENTRY--PERSONAL NAME
Personal name ყაუხჩიშვილი, ს.
Relator term რედაქტორი
9 (RLIN) 27026
942 ## - ADDED ENTRY ELEMENTS (KOHA)
Koha item type წიგნი
Source of classification or shelving scheme
ეგზემპლარები
ჩამოწერის სტატუსი დაკარგული ეგზემპლარის სტატუსი კლასიფიკაციის წყარო ან თაროზე გაწყობის სქემა დაზიანების სტატუსი არ გაიცემა მუდმივი მდებარეობა (დაცვის ადგილი) ამჟამინდელი ადგილსამყოფელი თაროზე განთავსების ადგილი შეძენის თარიღი ღირებულება, შესყიდვის ნორმალური ფასი სრული შენახვის შიფრი შტრიხკოდი ბოლო ოპერაციის თარიღი ეგზემპლარის მიმდევრობითი ნომერი (კეტერი?) ფასის ძალაში შესვლის თარიღი ეგზემპლარის სახეობა საჯარო შენიშვნა
          ბათუმის შოთა რუსთაველის სახელმწიფო უნივერსიტეტის მთავარი ბიბლიოთეკა ბათუმის შოთა რუსთაველის სახელმწიფო უნივერსიტეტის მთავარი ბიბლიოთეკა წიგნსაცავი 2018-12-17 1.40 94(479.22)(093უცხ.) ყ-36 28471 2018-12-17 28471 2018-12-17 წიგნი 1.40 ₾.